| 000 | 00902nam a22002777a 4500 | ||
|---|---|---|---|
| 001 | 3528 | ||
| 003 | FISKH | ||
| 005 | 20250828152323.0 | ||
| 008 | 240315b cb ||||| |||| 00| 0 eng d | ||
| 020 | _a9780590120579 | ||
| 040 |
_aFISKH _beng _cFISKH _dFISKH |
||
| 050 | _aPZ7.B7559 | ||
| 082 | _a813.54 | ||
| 100 |
_aBrett, Jan _eauthor |
||
| 245 |
_aThe hat / _cby Jan Brett |
||
| 250 | _aFirst Scholastic printing, September 1998 | ||
| 260 |
_aNew York : _bScholsatic, _c1997 |
||
| 300 |
_a34 unnumbered pages : _bcolor illustrations ; _c22 cm . |
||
| 505 | _aM | ||
| 520 | _aWhen Lisa hangs her woolen clothes in the sun to air them out for winter, the hedgehog, to the amusement of the other animals, ends up wearing a stocking on his head. | ||
| 521 | 8 |
_a540
_bLexile |
|
| 521 | 8 |
_aM
_bRaz-Plus |
|
| 650 |
_aanimals _vFiction |
||
| 942 |
_2ddc _cBK _n0 |
||
| 999 |
_c3528 _d3528 |
||